Movies Quiz

Random Movies or Clickable Quiz

Almost Useless Movie Trivia VII Quiz Stats

 Plays Quiz Updated Sep 18, 2015

Score 0/20 Timer 06:00
3 Plays Today
% Correct
8 1|2
94.1%
The Great Gatsby
92.5%
Casablanca
91.6%
The Elephant Man
86.3%
Monty Python and the Holy Grail
84.3%
Superbad
81.2%
Inside Out
81.1%
Star Wars: Episode IV - A New Hope
80.9%
Robocop
79.6%
Casino
77.9%
% Correct
North by Northwest
77.5%
Mamma Mia!
73.9%
Dead Poets Society
73.1%
Twilight Zone: The Movie
65.3%
My Week With Marilyn
58%
The Adventures of Pluto Nash
55.5%
Amélie
52.5%
Insurgent
52%
Austenland
34.6%
The Thin Blue Line
33.9%

You're not logged in!

Compare scores with friends on all Sporcle quizzes.
OR
Log In

Sporcle TV

Today on Sporcle TV


Watch our educational content, quiz creation guides, and fun videos on Sporcle TV.

Show Comments

Extras

Top Quizzes Today


Score Distribution

Your Account Isn't Verified!

In order to create a playlist on Sporcle, you need to verify the email address you used during registration. Go to your Sporcle Settings to finish the process.

Report this User

Report this user for behavior that violates our Community Guidelines.

Details: